000 00746cam a2200229 a 4500
001 ne 68005049
003 DLC
005 20260227111852.0
008 890606s1968 ir 000 j per
010 _ane 68005049
040 _aDLC
_cDLC
050 0 0 _aPK6561.F266
_bS5
066 _c(3
_c(4
100 1 _6880-01
_aFaṣīḥ, Ismāʻīl.
245 1 0 _6880-02
_aSharāb-i khām /
_cIsmāʻīl Faṣīḥ.
260 _6880-03
_aTihrān :
_bKitābhā-yi Jībī,
_c1347 [1968]
300 _a441 p. ;
_c23 cm.
500 _aShort stories.
880 1 _6100-01/(3/r
_aفصيح، اسماعيل.
880 1 0 _6245-02/(3/r
_aشراب خام /
_cاسماعيل فصيح.
880 _6260-03/(3/r
_aتهران :
_bکتابهاى جىبى،
_c1347 [1968].
999 _c51201
_d51201